1693 1197 1972 1976 1888 1035 1030 1428 1194 1710 1246 1059 1734 1879 1708 1856 1274 1665 1620 1499 1733 1289 1003 1941 1191 1756 1828 1077 1881 1607 1851 1989 1515 1372 1293 1642 1405 1788 1649 1606 1378 1277 1175 1769 1311 1644 1838 1286 1284 1487 1529 1602 1060 1342 1117 1550 1309 1703 1181 1541 1846 1654 1816 1035 1599 1677 1651 1061 1669 1421 1352 1283 1798 1146 1456 1471 1871 1986 1066 1787 1543 1793 1743 1906 1259 1198 1297 1273 1467 1073 1105 1226 1671 1662 1233 1402 1913 1971 1049 BCNSPRNW ULIB Ver.6.0+V

เปลี่ยนเป็นภาษาไทย

Change to English
 แสดงรายละเอียดบรรณานุกรม
  กลับหน้าหลัก

Brief Record : Get Marc (ISO 2709) : E-mail record : QR code < ปิดหน้าต่าง
LEADER : 00000nam 2200000uu 4500
001    13399125285
003     ULIB
008    170328s2559||||th 000 0 tha d
020    ^a9786164130616
060 04 ^aWU140^bก357ต
245 00 ^aตำราภาพ ความผิดปกติของฟัน และโรคในช่องปาก /^cบรรณาธิการ, กอบกาญจน์ ทองประสม
246 30 ^aความผิดปกติของฟัน
246 30 ^aโรคในช่องปาก
250    ^aพิมพ์ครั้งที่ 1
260    ^aกรุงเทพฯ :^bศูนย์หนังสือจุฬาลงกรณ์มหาวิทยาลัย,^c2559
300    ^a139 หน้า :^bภาพประกอบ ;^c31 ซม.
505 0  ^a... ความผิดปกติของฟัน (Abnormalities of teeth) ... ความผิดปกติของเยื่อเมือกช่องปาก (Anomalies of oral mucosa) ... ถุงนํ้าและพยาธิสภาพของกระดูก (Cysts and bone pathology) ... โรคเหงือกและปริทันต์ (Periodontal diseases) ... การติดเชื้อในช่องปาก (Infections of the oral mucosa) ... แผลในช่องปาก (Oral ulceration) ... โรคผิวหนังและเนื้อเยื่อเกี่ยวพัน (Skin and connective tissue diseases) ... โรคในช่องปากที่มีแนวโน้มเกิดมะเร็ง (Potentially malignant disorders) ... เนื้องอกชนิดไม่ร้ายแรงและรอยโรคชนิดร้ายแรง (Benign tumors and malignant lesions) ... ความผิดปกติอื่นๆ (Miscellaneous)
650  7 ^aฟัน^xโรค
650  7 ^aฟัน^xความผิดปกติ
650  7 ^aปาก^xโรค
650  7 ^aเวชศาสตร์ช่องปาก
700 0  ^aกอบกาญจน์ ทองประสม
700 02 ^aธิติพงษ์ พฤกษศรีสกุล.^tความผิดปกติของฟัน
700 02 ^aภาสวัชร์ วิริยกิจจา.^tความผิดปกติของเยื่อเมือกช่องปาก
700 02 ^aชาญวิทย์ ประพิณจำรูญ.^tถุงน้ำและพยาธิสภาพของกระดูก
700 02 ^aภัทรนฤน กาญจนบุษย์.^tโรคเหงือกและปริทันต์
700 02 ^aกอบกาญจน์ ทองประสม.^tการติดเชื้อในช่องปาก
700 02 ^aชาญวิทย์ ประพิณจำรูญ.^tแผลในช่องปาก
700 02 ^aกอบกาญจน์ ทองประสม.^tโรคผิวหนังและเนื้อเยื่อเกี่ยวพัน
700 02 ^aกอบกาญจน์ ทองประสม.^tโรคในช่องปากที่มีแนวโน้มเกิดมะเร็ง
700 02 ^aพรพรรณ พิบูลย์รัตนกิจ.^tเนื้องอกชนิดไม่ร้ายแรงและรอยโรคชนืดร้ายแรง
710 2  ^aจุฬาลงกรณ์มหาวิทยาลัย.^bคณะทันตแพทยศาสตร์
710 2  ^aจุฬาลงกรณ์มหาวิทยาลัย.^bภาควิชาเวชศาสตร์ช่องปาก
856    ^a^zTable of Contents (Content)^uhttp://118.174.31.60:80/ULIB//_fulltext/Content/129199/20160916092151_1517.pdf
945    ^p0^l0^i001759
945    ^p0^l0^i001760
999    ^aวรรณษา ชูชัยมงคล
รายการนี้ยังไม่มีแท็ก
คุณยังไม่ได้ล็อกอิน คุณสามารถมีกิจกรรมร่วมกับเว็บไซต์ได้ แต่ต้องล็อกอินก่อน ::
  ล็อกอิน

รายการสื่อสารสนเทศ

ลำดับที่ ประเภท เลขเรียก/บาร์โค้ด สถานที่ สถานะ
1. วิทยาศาสตร์การแพทย์ และสุขภาพ
วิทยาศาสตร์การแพทย์ และสุขภาพ
สถานะ=หนังสือเก่า
WU140 ก357ต ฉ.1 
  Barcode: 001759
ห้องสมุดวิทยาเขตสวรรค์ประชารักษ์
►ส่วนจัดเก็บหนังสือเก่า สปร
บนชั้น
  ขอยืม
2. วิทยาศาสตร์การแพทย์ และสุขภาพ
วิทยาศาสตร์การแพทย์ และสุขภาพ
สถานะ=หนังสือเก่า
WU140 ก357ต ฉ.2 
  Barcode: 001760
ห้องสมุดวิทยาเขตสวรรค์ประชารักษ์
►ส่วนจัดเก็บหนังสือเก่า สปร
บนชั้น
  ขอยืม

รายการใกล้เคียง
    หัวเรื่อง [เวชศาสตร์ช่องปาก]

BibComment


ยังไม่เคยถูกคอมเมนท์

คอมเมนท์ทรัพยากรรายการนี้
  คอมเมนท์: ตำราภาพ ความผิดป..


 Copyright 2026. Bcnsprnw @Library